000
00205 a2200097 4500
020
_a
9789992476192
041
_a
spa
100
_a
Alonso Chamorro
245
_a
34 pasos para construir tu futuro
942
_c
K
999
_c
26793
_d
26793